|
|
|
|
| LEADER |
01418nam a2200301 a 4500 |
| 001 |
3996215 |
| 008 |
110319s1996 maua b 101 0 eng d |
| 010 |
|
|
|a 96002340
|
| 020 |
|
|
|a 0262611228 (pb : alk. paper)
|
| 020 |
|
|
|a 0262112183
|
| 040 |
|
|
|a DLC
|c DLC
|d DLC
|b D-DhAAL
|
| 050 |
0 |
0 |
|a P98.5.S83
|b B35 1996
|
| 082 |
0 |
0 |
|a 410/.72
|2 20
|
| 245 |
0 |
4 |
|a The balancing act :
|b combining symbolic and statistical approaches to language /
|c edited by Judith L. Klavans and Philip Resnik.
|
| 260 |
|
|
|a Cambridge, Mass. :
|b MIT Press,
|c 1996.
|
| 300 |
|
|
|a xii, 186 p. :
|b ill. ;
|c 23 cm.
|
| 490 |
0 |
|
|a Language, speech, and communication
|
| 500 |
|
|
|a Selected papers, rev., of a workshop held at the 32nd Annual Meeting of the Association for Computational Linguistics, at New Mexico State University in Las Cruces, N.M., on July 1, 1994.
|
| 504 |
|
|
|a Includes bibliographical references and index.
|
| 541 |
1 |
|
|e 00010229
|
| 650 |
|
0 |
|a Computational linguistics
|x Congresses.
|
| 650 |
|
0 |
|a Linguistics
|x Statistical methods
|x Congresses.
|
| 700 |
1 |
|
|a Klavans, Judith L.
|
| 700 |
1 |
|
|a Resnik, Philip.
|
| 711 |
2 |
|
|a Association for Computational Linguistics
|n (32nd :
|d 1994 :
|c New Mexico State University)
|
| 852 |
|
|
|a Ayesha Abed Library
|c General shelf.
|
| 999 |
|
|
|c 10563
|d 10563
|
| 952 |
|
|
|0 0
|1 0
|2 ddc
|4 0
|6 410_720000000000000_BAL
|7 0
|9 14774
|a BRACUL
|b BRACUL
|c GEN
|d 2011-03-19
|l 0
|o 410.72 BAL
|p 3010010229
|r 2011-03-19
|t 1
|w 2011-03-19
|y BK
|